000 00831nam a2200193 a 4500
008 160608s2012 ||||||||||||||||| || u
020 _a9780470497180
050 _aRS 431. P75 Ana
100 _aJiskoot, Wim
245 1 0 _aAnalysis of aggregates and particles in protein pharmaceuticals
_cEdited By Hanns-Christian Mahler [and] Wim Jiskoot
260 _aNew Jersey
_bJohn Wiley and sons inc
_c2012
300 _axvi,443p.: ill.
350 _a145.00
650 _aPHARMACEUTICAL PREPARATIONS--ANALYSIS
650 _aPROTEINS--PHARMACOKINETICS
650 0 _aCHEMISTRY TECHNIQUES, ANALYTICAL--METHODS
700 _aMahler, Hanns-Christian
995 _aMEDICAL LIBRARY OPEN ACCESS
_e745933
_FCBU-SCHOOL OF MEDICINE LIBRARY (Ndola)
_I145.00
_jRS 431. P75 Ana
_M1
_UAVAILABLE
_WJun 9, 2016
_y745933
_ZMedical Library Open Access Collection
999 _c30725
_d30725